La dispersión /

שמור ב:
מידע ביבליוגרפי
מחבר ראשי: Trías, Eugenio (autor)
פורמט: ספר
שפה:ספרדית
יצא לאור: Madrid, España : Taurus, 1971, c1971
סדרה:(Ensayistas de Hoy ; 75)
נושאים:
תגים: הוספת תג
אין תגיות, היה/י הראשונ/ה לתייג את הרשומה!

MARC

LEADER 00000nam^a2200000^a^4500
001 000450703
005 20250521000000.0
009 20260310123753.983
037 |a Acervo ITESO - Biblioteca 
041 |a ESP 
082 |a 149. 9  |b TRI OBR DIS 
100 |a Trías, Eugenio  |e (autor) 
245 1 3 |a La dispersión /  |c E. Trías. 
264 1 |a Madrid, España :  |b Taurus,  |c 1971, c1971 
300 |a 206 p. 
336 |a texto  |b txt  |2 rdacontenido 
337 |a sin mediación  |b n  |2 rdamedio 
338 |a volumen  |b nc  |2 rdasoporte 
440 1 |a (Ensayistas de Hoy ;  |v 75) 
649 |a XX 
650 |a Prosa Literaria Española 
650 |a Literatura Española 
650 |a Filosofía y Literatura 
650 |a Filosofía del Siglo XX 
910 |a Fondo Castillo-Martínez 
920 |a Impresos - Libros 
930 |a Fondos Especiales 
905 |a 127 
901 |a 0500343819  |b IT2  |c ESP  |i D126018  |u 20250521 
902 |a https://opac.biblio.iteso.mx/vufind/Record/000450703